000 00608nam a22001937a 4500
005 20251108164930.0
008 250721s1989 xx 000 0 ara d
082 1 4 _a963.5/غال
100 1 _aعوده، غالي
245 1 0 _aإريتريا :
_bبلاد المسلمين و صراع النفوذ /
264 1 _aعمان :
_bدار البشير للنشر و التوزيع،
_c1989.
300 _a56ص
490 0 _aسلسلة و قضايا إسلامية
650 1 7 _aإريتريا
650 1 7 _aالتاريخ السياسي
650 1 7 _aإثيوبيا
942 _2ddc
_cBK
999 _c17749
_d17749